Here you will find the least and most remembered Stuyvesant Teachers, as well as how your score stacks up against everyone else who took this quiz.

Think you can do better this time?
Play Again.
 
This Stuyvesant Teachers Quiz has been taken 565 times (0 today).
Department Teacher % Guessed Right
Music & Fine ArtsHall
77.2%
MathematicsChen
70.3%
ChemistryLi
66.7%
TechnologyRosen
60.4%
Social StudiesGarcia
59.5%
Foreign LanguageGarcia
59.5%
MathematicsGeller
57.3%
EnglishGrossman
57.3%
Physical EducationBarbin
55.4%
MathematicsCocoros
54%
Physical EducationRosenthal
53.8%
MathematicsAvigdor
53.5%
PhysicsTeitel
53.3%
Physical EducationMiller
52.9%
ChemistryO'Malley
52.7%
Music & Fine ArtsShamazov
51.7%
Music & Fine ArtsWheeler
51.3%
MathematicsPascu
51.2%
EnglishChan
50.3%
EnglishWeil
49.4%
MathematicsKu
48.8%
EnglishBrown
48.8%
MathematicsJaishankar
48%
MathematicsVollaro
47.6%
MathematicsZamansky
47.1%
PhysicsThomas
47.1%
ChemistryPluchino
46.4%
Physical EducationFisher
45.8%
Social StudiesStern
45.8%
EnglishFrancis
45.7%
MathematicsBrooks
45%
Social StudiesSuri
45%
EnglishMott
45%
EnglishWeiss
45%
Physical EducationBarth
44.6%
Social StudiesPolazzo
44.6%
Music & Fine ArtsBernstein
44.6%
PhysicsWang
43.9%
Foreign LanguageUbieta
43.2%
PhysicsMajewski
43%
MathematicsJaye
42.7%
ChemistryDibbs
42.3%
ChemistryArora
42.1%
Physical EducationChoy
41.8%
EnglishGarfinkel
41.6%
MathematicsFerrara
41.4%
Social StudiesBadgley
41.4%
EnglishNieves
41.4%
MathematicsDyrland-Weaver
41.2%
Social StudiesSandler
41.2%
EnglishMoore
41.2%
BiologyPathak
41.1%
Physical EducationBologna
41.1%
EnglishChoi
41.1%
ChemistryOrlando
40.9%
BiologyFong
40.7%
Department Teacher % Guessed Right
ChemistryDaves
40.7%
PhysicsAli
40.7%
MathematicsPlatek
40.4%
Physical EducationMcCaffrey
40.4%
Foreign LanguageSimon
39.8%
MathematicsLostal
39.6%
Social StudiesDunkel
39.6%
MathematicsStonescu
39.5%
Physical EducationChoubaralian
39.5%
Foreign LanguageAmbia
39.1%
BiologyEconome
38.8%
ChemistryKivi
38.8%
Social StudiesOlivi
38.8%
Foreign LanguageSilverio
38.8%
BiologyGeorge
38.6%
PhysicsEsper
38.4%
ChemistryPaik
37.7%
Physical EducationGarber
37.5%
Foreign LanguageBarrow
37.5%
Foreign LanguageDiaz
37.5%
TechnologySarutto
37.5%
Music & Fine ArtsBarrow
37.5%
PhysicsAkhmedov
37.3%
Social StudiesTillman
37.3%
Social StudiesShuman
37.2%
Social StudiesKennedy
37%
Foreign LanguageAugustave
37%
BiologyPilloff
36.6%
Foreign LanguageDehn-Knight
36.6%
MathematicsUsoroh
36.5%
MathematicsFitzgerald
36.3%
Social StudiesWaxman
36.3%
Foreign LanguageWaxman
36.3%
PhysicsAvallone
35.9%
MathematicsRubenstein
35.8%
Social StudiesValentin
35.8%
EnglishGern
35.6%
BiologyReep
35.4%
PhysicsGorla
35.4%
MathematicsPark
35%
BiologyNedwidek
34.7%
BiologyRuncie
34.2%
Foreign LanguageFlores
34%
MathematicsKavanagh
33.6%
PhysicsLam
33.6%
Foreign LanguageLee
33.5%
TechnologyWinston
33.5%
Music & Fine ArtsWinston
33.5%
MathematicsKalish
32.4%
Social StudiesDonin
32.4%
EnglishHenderson
32.4%
MathematicsGoldberg
32.2%
Foreign LanguageTan
32.2%
EnglishLa Bonne
32.2%
EnglishBreslin
32%
BiologyCitron
31.9%
Department Teacher % Guessed Right
EnglishGerety
31.3%
EnglishThoms
31.3%
TechnologyRothenburg
31.2%
Physical EducationWeinwurm
31%
BiologyManwell
30.8%
Social StudiesFeldman
30.8%
Social StudiesBoericke
30.3%
Social StudiesPlafker
29.6%
BiologyBierig
29.2%
Physical EducationLuczak
28.8%
Social StudiesWeissman
28.8%
MathematicsSchimmel
28.1%
EnglishBonsignore
28.1%
Music & Fine ArtsCappell
28%
MathematicsFeigenbaum
27.6%
BiologyUtting
27.6%
Foreign LanguageHelinski
27.6%
EnglishMazzurco
27.6%
BiologyGastel
27.3%
EnglishSheinman
27.3%
EnglishOberfield
27.1%
Foreign LanguageMontserrat
26.9%
TechnologyColon
26.7%
Music & Fine ArtsWinkle
26.7%
Social StudiesJezer
26.5%
Social StudiesBushman
26.4%
Music & Fine ArtsTamosaitis
26.4%
TechnologyLonardo
26.2%
BiologyMcClellan
26%
Foreign LanguageGuan
25.8%
Foreign LanguageRecchia
25.3%
Social StudiesBurnell
25%
Social StudiesWisotsky
25%
EnglishHalperin
25%
Social StudiesTrainor
24.8%
MathematicsProtass
24.4%
BiologyLiang
23.9%
Music & Fine ArtsKarp
23.9%
Foreign LanguageBrockman
23.4%
EnglishRober
22.7%
MathematicsMaksudian
21.8%
MathematicsD'Alleva
21.1%
TechnologyJuracek
21.1%
BiologyAkintunde
20.9%
TechnologyRealmuto
20.9%
Social StudiesSklaroff
19.5%
TechnologyGould
18.8%
Social StudiesLichtenstein
13.8%
BiologyHill
11.7%
Foreign LanguageMarino
10.4%
TechnologySeltzer
10.1%
EnglishFletcher
9%
MathematicsRivers
8%
Foreign LanguageYun Yan
7.4%

How do you compare to other Stuyvesant Teachers quiz takers?

Number % Answered
166 (all)
1.4%
158-165
1.2%
150-157
1.8%
142-149
1.4%
134-141
1.4%
126-133
1.2%
118-125
1.9%
110-117
5.5%
102-109
3.7%
94-101
4.6%
86-93
4.2%
78-85
5.3%
70-77
5.3%
62-69
4.4%
54-61
5.8%
46-53
6.7%
38-45
7.1%
30-37
7.3%
22-29
6.9%
14-21
7.1%
6-13
9%
1-5
6.5%

You might also like these games:
Famous Foursomes   Product Mascots   Murder Weapons
There is 1 comment for this game.
(Warning: comments may contain spoilers)

Stuyvesant Teachers Quiz

Rating:
Created by: miyomiyo
Category: Miscellaneous
Plays: 565
Loading friend results....
Remember, Sporcle is now...